[Event "DEM U12 2012"]
[Site "Oberhof GER"]
[Date "2012.06.01"]
[Round "9"]
[White "Schulz, Theresa Charlotte"]
[Black "Gericke, Nicholas"]
[Result "0-1"]
[Termination "normal"]
[Board "44"]
[WhiteElo "1011"]
[BlackElo "1188"]
[PlyCount "46"]
[WhiteFideId "12952206"]
[BlackFideId "12952141"]
[EventCountry "GER"]
[EventRounds "11"]
[EventType "swiss"]
[EventDate "2012.05.26"]

1. d4 Nf6 2. e3 g6 3. Bd3 Bg7 4. c3 d6 5. f4 Bg4 6. Nf3 Nbd7 7. O-O c5 8. Nbd2
O-O 9. Qe1 Rc8 10. Ne4 c4 11. Bc2 d5 12. Nxf6+ Nxf6 13. Ne5 Be6 14. Qh4 Nd7 15.
Rf3 Nxe5 16. fxe5 Qd7 17. Rg3 f6 18. e4 fxe5 19. exd5 Bf5 20. Bxf5 Qxf5 21. Bg5
Qf2+ 22. Kh1 Qf1+ 23. Rxf1 Rxf1# 0-1

[Event "DEM U12 2012"]
[Site "Oberhof GER"]
[Date "2012.06.01"]
[Round "9"]
[White "Peters, Theresa"]
[Black "Schluckner, Paul-Leopold"]
[Result "1/2-1/2"]
[Termination "normal"]
[Board "45"]
[WhiteElo "1070"]
[BlackElo "1110"]
[PlyCount "44"]
[WhiteFideId "12952192"]
[BlackFideId "12952168"]
[EventCountry "GER"]
[EventRounds "11"]
[EventType "swiss"]
[EventDate "2012.05.26"]

1. d4 d5 2. e4 dxe4 3. Nc3 Nf6 4. f3 exf3 5. Nxf3 Bf5 6. Be3 Nbd7 7. Be2 e6 8.
O-O Bd6 9. Qd2 Nb6 10. Bg5 c6 11. Rad1 Nbd5 12. Nxd5 cxd5 13. Bb5+ Ke7 14. Ne5
Bxe5 15. dxe5 Qb6+ 16. Kh1 Qxb5 17. Qc3 Kd7 18. exf6 g6 19. b3 Rac8 20. Qe3 Qc5
21. Qxc5 Rxc5 22. c4 Kd6 1/2-1/2

[Event "DEM U12 2012"]
[Site "Oberhof GER"]
[Date "2012.06.01"]
[Round "9"]
[White "ter Stal, Esther"]
[Black "Schumacher, Aaron"]
[Result "1-0"]
[Termination "normal"]
[Board "46"]
[WhiteElo "984"]
[BlackElo "1087"]
[PlyCount "65"]
[WhiteFideId "12944467"]
[EventCountry "GER"]
[EventRounds "11"]
[EventType "swiss"]
[EventDate "2012.05.26"]

1. d4 e6 2. Nf3 d5 3. e3 c5 4. c3 Nc6 5. Bd3 Nf6 6. Nbd2 Bd7 7. O-O Bd6 8. Qe2
O-O 9. e4 cxd4 10. cxd4 Re8 11. e5 Bxe5 12. dxe5 Ng4 13. h3 Nh6 14. Nb3 f6 15.
Bxh6 gxh6 16. Rfe1 Rf8 17. Bc2 Qc7 18. Qd3 Be8 19. exf6 Rxf6 20. Rac1 Bg6 21.
Qc3 Qf7 22. Re2 Kh8 23. Rce1 Bxc2 24. Qxc2 Rg8 25. Qc3 Rg7 26. Kf1 Qg6 27. g3
Qf5 28. Kg2 d4 29. Nbxd4 Nxd4 30. Nxd4 Qf4 31. Nxe6 Rxe6 32. Rxe6 Qg5 33. Re8#
1-0

[Event "DEM U12 2012"]
[Site "Oberhof GER"]
[Date "2012.06.01"]
[Round "9"]
[White "Frank, Kamila"]
[Black "Möller, Hannah"]
[Result "1-0"]
[Termination "normal"]
[Board "47"]
[WhiteElo "932"]
[BlackElo "1077"]
[PlyCount "79"]
[WhiteFideId "12952222"]
[BlackFideId "1270514"]
[EventCountry "GER"]
[EventRounds "11"]
[EventType "swiss"]
[EventDate "2012.05.26"]

1. e4 d5 2. exd5 Qxd5 3. Nc3 Qd8 4. d4 Nf6 5. Nf3 g6 6. Bc4 Bg7 7. h3 Nc6 8.
O-O O-O 9. Be3 Re8 10. Qe2 e5 11. dxe5 Nxe5 12. Nxe5 Rxe5 13. Rad1 Qe7 14. Rfe1
Bf5 15. Nd5 Nxd5 16. Bxd5 c6 17. Bb3 Qh4 18. Qc4 Be6 19. Qxh4 Bxb3 20. axb3
Rae8 21. Rd7 Rb5 22. Red1 Bxb2 23. Bxa7 Be5 24. Bd4 Bg7 25. Bxg7 Kxg7 26. Rd8
Re2 27. R1d2 Re1+ 28. Kh2 Rh5 29. Qd4+ Kh6 30. g4 Rhe5 31. Rd7 f6 32. Rxb7 R1e4
33. Qd7 Kg5 34. Qxc6 Rf4 35. f3 f5 36. Rb5 Re3 37. gxf5 gxf5 38. Kg3 h5 39. Rb6
h4+ 40. Kf2 1-0

[Event "DEM U12 2012"]
[Site "Oberhof GER"]
[Date "2012.06.01"]
[Round "9"]
[White "Zimmer, Luca"]
[Black "Christiansen, Anna"]
[Result "1/2-1/2"]
[Termination "normal"]
[Board "48"]
[WhiteElo "1051"]
[BlackElo "924"]
[PlyCount "41"]
[WhiteFideId "12921424"]
[BlackFideId "12952230"]
[EventCountry "GER"]
[EventRounds "11"]
[EventType "swiss"]
[EventDate "2012.05.26"]

1. e4 e5 2. Nf3 Nc6 3. Bc4 Bc5 4. c3 Nf6 5. d4 exd4 6. cxd4 Bb4+ 7. Bd2 Bxd2+
8. Nbxd2 d5 9. exd5 Nxd5 10. Qb3 Nce7 11. O-O c6 12. Rae1 b5 13. Bxd5 Qxd5 14.
Qb4 Be6 15. Ne5 a5 16. Qc5 Qxc5 17. dxc5 O-O-O 18. Nxf7 Bxf7 19. Rxe7 Rxd2 20.
Rxf7 Rxb2 21. Ra1 1/2-1/2

[Event "DEM U12 2012"]
[Site "Oberhof GER"]
[Date "2012.06.01"]
[Round "9"]
[White "Friedrich, Laura"]
[Black "Hacklinger, Dilan"]
[Result "0-1"]
[Termination "normal"]
[Board "49"]
[WhiteElo "840"]
[BlackElo "1151"]
[PlyCount "94"]
[WhiteFideId "12952249"]
[BlackFideId "12952150"]
[EventCountry "GER"]
[EventRounds "11"]
[EventType "swiss"]
[EventDate "2012.05.26"]

1. e4 e6 2. Nf3 d5 3. e5 c5 4. Nc3 Nc6 5. d3 a6 6. Bg5 Qc7 7. Qe2 Nge7 8. g3
Ng6 9. Bf4 Be7 10. Bg2 O-O 11. O-O Bd7 12. Qe3 d4 13. Qe4 dxc3 14. bxc3 Nxf4
15. gxf4 f6 16. exf6 Bxf6 17. Bh3 Rae8 18. Ng5 Bxg5 19. fxg5 Qf4 20. Qxf4 Rxf4
21. Rab1 b5 22. a4 Rxa4 23. f3 Rf8 24. c4 Rb4 25. Ra1 a5 26. cxb5 Rxb5 27. c4
Rb3 28. Rad1 Ne5 29. d4 Nxf3+ 30. Kg2 Nxd4 31. Rxf8+ Kxf8 32. Rf1+ Ke7 33. Bg4
a4 34. Bh5 g6 35. Bd1 Rb2+ 36. Kg1 a3 37. Bg4 Rb4 38. Ra1 Ra4 39. Kf2 a2 40.
Ke3 Nc2+ 41. Kd2 Nxa1 42. Kc1 Nb3+ 43. Kb2 a1=Q+ 44. Kc2 Nd4+ 45. Kd3 Qe1 46.
Bd1 Ra3+ 47. Bb3 Rxb3# 0-1